[Event "Tournoi Skype 018A"]
[Site "Skype"]
[Date "????.??.??"]
[Round "2.12"]
[White "Saponara, Jose Maria"]
[Black "Patra Kumar, Subhendu"]
[Result "1/2-1/2"]
[WhiteElo "1561"]
[BlackElo "1888"]
[PlyCount "136"]

1. e4 e5 2. Nf3 Nc6 3. d4 exd4 4. Nxd4 Nf6 5. Nxc6 bxc6 6. Nc3 Bb4 7. Bg5 d6 8.
Bc4 O-O 9. Qf3 Re8 10. Bxf6 Qxf6 11. Qxf6 gxf6 12. f3 d5 13. Bd3 f5 14. O-O
fxe4 15. fxe4 Bxc3 16. bxc3 dxe4 17. Bc4 Be6 18. Bb3 a5 19. Rf4 a4 20. Bxe6
Rxe6 21. Raf1 Rf8 22. Kf2 Re5 23. Ke3 Rc5 24. Rg4+ Kh8 25. Kxe4 Rxc3 26. Rf2
Rc4+ 27. Kf5 Rxg4 28. Kxg4 Kg7 29. Rf4 Ra8 30. Rc4 Ra6 31. a3 Kf6 32. Kh5 Kg7
33. Rg4+ Kh8 34. Kh6 c5+ 35. Kh5 Rg6 36. Rxa4 Rxg2 37. Rc4 Rxh2+ 38. Kg5 Rh3
39. c3 Kg7 40. a4 Rh6 41. Rxc5 Ra6 42. a5 h6+ 43. Kh5 Ra8 44. c4 Ra7 45. Kh4
Kg6 46. Rc6+ Kf5 47. a6 Ke5 48. Rxh6 c5 49. Kg3 Kd4 50. Kf2 Kxc4 51. Rb6 Kd3
52. Ke1 c4 53. Kd1 f5 54. Rf6 Ke4 55. Ke2 Rc7 56. Re6+ Kf4 57. Rb6 c3 58. Rb7
Rc8 59. Kd1 c2+ 60. Kc1 Ke3 61. a7 Ra8 62. Kxc2 f4 63. Re7+ Kf2 64. Kc3 f3 65.
Kb4 Rf8 66. Rb7 Ra8 67. Kb5 Kf1 68. Kb6 f2 1/2-1/2

[Event "Tournoi Skype 018A"]
[Site "Skype"]
[Date "????.??.??"]
[Round "2.13"]
[White "Aceituno, Stebe"]
[Black "Jacquelin, Norbert"]
[Result "1/2-1/2"]
[WhiteElo "1588"]
[BlackElo "1845"]
[PlyCount "98"]

1. e4 e5 2. Nf3 Nf6 3. Nc3 Nc6 4. Bc4 Nxe4 5. Nxe4 d5 6. Bb5 dxe4 7. Nxe5 Qf6
8. Nxc6 bxc6 9. Bc4 Bc5 10. Qe2 O-O 11. O-O Bf5 12. d3 Rae8 13. c3 exd3 14. Qf3
Qg6 15. Bf4 Be4 16. Qg3 Qxg3 17. hxg3 Re7 18. Rad1 Rd7 19. Rd2 h6 20. Rfd1 Re8
21. Bxd3 Bxd3 22. Rxd3 Rxd3 23. Rxd3 Re1+ 24. Kh2 Bxf2 25. Rd2 Bg1+ 26. Kh3 h5
27. g4 hxg4+ 28. Kxg4 Bb6 29. a4 Re4 30. b3 f6 31. Kf3 Re7 32. Rd3 Kf7 33. c4
a5 34. Bd2 c5 35. Be3 Ke6 36. Rd5 c6 37. Rd3 g6 38. g4 g5 39. Bf2 Kf7 40. Rd6
Re6 41. Rd7+ Re7 42. Rxe7+ Kxe7 43. Ke4 Ke6 44. Be3 Ba7 45. Bd2 Bb6 46. Bc3 Bd8
47. Be1 Bc7 48. Bf2 Bd6 49. Be3 Be7 1/2-1/2

[Event "Tournoi Skype 018A"]
[Site "Skype"]
[Date "????.??.??"]
[Round "2.14"]
[White "Rugman, Dan"]
[Black "Engstrom, Olle"]
[Result "1-0"]
[WhiteElo "1422"]
[BlackElo "1809"]
[PlyCount "61"]

1. e4 c5 2. Nf3 Nc6 3. Nc3 g6 4. d4 cxd4 5. Nxd4 Bg7 6. Be3 Nf6 7. Be2 d6 8.
O-O O-O 9. f4 Nxd4 10. Bxd4 Ng4 11. Bxg7 Ne3 12. Qd4 Nxc2 13. Qf2 Nxa1 14. Bxf8
Kxf8 15. Rxa1 a6 16. Rd1 Bd7 17. f5 Bc6 18. fxg6 hxg6 19. Rf1 Be8 20. Bg4 Qa5
21. Be6 f6 22. Qh4 Kg7 23. Nd5 Qc5+ 24. Qf2 Qxf2+ 25. Rxf2 Kf8 26. Nc7 Rd8 27.
Nxe8 Kxe8 28. Rc2 b5 29. Kf2 Rb8 30. Rc3 Kf8 31. Ke3 1-0

[Event "Tournoi Skype 018A"]
[Site "Skype"]
[Date "????.??.??"]
[Round "2.15"]
[White "Prasad Singh, Ambika"]
[Black "Murgia, Stefano"]
[Result "0-1"]
[WhiteElo "1545"]
[BlackElo "1628"]
[PlyCount "52"]

1. e4 e5 2. Nf3 Nc6 3. Bb5 a6 4. Ba4 Nge7 5. O-O g6 6. c4 Bg7 7. Nc3 O-O 8. Bc2
d6 9. h3 f5 10. d3 f4 11. b3 Kh8 12. Bb2 Nd4 13. Bb1 Nxf3+ 14. Qxf3 g5 15. Qd1
Ng6 16. Bc2 f3 17. Re1 fxg2 18. Kxg2 Nf4+ 19. Kh2 g4 20. Nd5 Nxh3 21. f4 gxf3
22. Rf1 f2 23. Qh5 Nf4 24. Nxf4 Rxf4 25. Kg2 Rh4 26. Qe2 Qg5+ 0-1

[Event "Tournoi Skype 018A"]
[Site "Skype"]
[Date "????.??.??"]
[Round "2.17"]
[White "Thoune, Jim"]
[Black "Perez Fermin, Jose"]
[Result "1/2-1/2"]
[WhiteElo "1809"]
[BlackElo "1558"]
[PlyCount "94"]

1. d4 e6 2. c4 d5 3. Nc3 Nf6 4. e3 Nbd7 5. cxd5 exd5 6. Nf3 c6 7. Bd3 Bd6 8.
O-O O-O 9. Bd2 Re8 10. Rc1 Ne4 11. a3 f5 12. Nxd5 cxd5 13. h3 Ndf6 14. Be1 Bc7
15. Qc2 Bd6 16. Nd2 Nxd2 17. Qxd2 Be6 18. f3 Qd7 19. Qe2 a6 20. b4 b5 21. Bh4
Rf8 22. f4 Ne4 23. Kh1 Rac8 24. Bxe4 dxe4 25. Qb2 Rxc1 26. Rxc1 Rc8 27. Rc3
Rxc3 28. Qxc3 Qc7 29. Qxc7 Bxc7 30. Be7 Kf7 31. Bc5 h5 32. h4 Bd8 33. g3 Ke8
34. Kg2 Kd7 35. Kf2 Kc6 36. Ke2 Bc4+ 37. Kd2 a5 38. Kc3 Kd5 39. Bf8 g6 40. Bc5
axb4+ 41. axb4 Bc7 42. Kd2 Bd3 43. Kc3 Bd6 44. Kb3 Bc4+ 45. Kc3 Kc6 46. Kd2
Bxc5 47. dxc5 Kd5 1/2-1/2

[Event "Tournoi Skype 018A"]
[Site "Skype"]
[Date "????.??.??"]
[Round "2.18"]
[White "Carballo, Jorge"]
[Black "Farthouat, Titoine"]
[Result "1-0"]
[WhiteElo "1559"]
[BlackElo "1606"]
[PlyCount "139"]

1. d4 Nf6 2. Nf3 d5 3. Bf4 g6 4. e3 Bg7 5. Bd3 O-O 6. Nbd2 Bg4 7. c3 e6 8. h3
Bxf3 9. Nxf3 b6 10. Qe2 c5 11. O-O-O c4 12. Bc2 Nc6 13. h4 b5 14. Ne5 Rc8 15.
Ng4 Nxg4 16. Qxg4 Qf6 17. h5 Rfe8 18. hxg6 hxg6 19. Qg3 e5 20. Bh6 Bh8 21. Bg5
Qe6 22. Qh4 Bg7 23. Qh7+ Kf8 24. Bh6 Qf6 25. Qh8+ Ke7 26. Qxg7 Rg8 27. Qxf6+
Kxf6 28. dxe5+ Nxe5 29. f4 Ng4 30. Rh4 Nxe3 31. Rd2 Rce8 32. Bg5+ Ke6 33. Re2
Kd7 34. Rh7 Nxc2 35. Rxf7+ Kc8 36. Rxe8+ Rxe8 37. Kxc2 Re2+ 38. Kc1 Rxg2 39.
Rxa7 Rg1+ 40. Kd2 Rg2+ 41. Kd1 Rxb2 42. Kc1 Re2 43. Ra5 Re3 44. Kb2 Re2+ 45.
Ka3 Rc2 46. Kb4 d4 47. cxd4 c3 48. Ra3 Kc7 49. Rxc3+ Rxc3 50. Kxc3 Kc6 51. Bf6
Kd5 52. Kb4 Kc6 53. Be5 Kb6 54. a3 Kc6 55. Ka5 Kd5 56. Kxb5 Ke6 57. Kc6 Ke7 58.
Kc7 Ke6 59. a4 Ke7 60. d5 Kf7 61. d6 Ke6 62. d7 Ke7 63. d8=Q+ Kf7 64. Qf6+ Ke8
65. Qxg6+ Ke7 66. Qf6+ Ke8 67. Qd8+ Kf7 68. Qd7+ Kf8 69. Bf6 Kg8 70. Qg7# 1-0

[Event "Tournoi Skype 018A"]
[Site "Skype"]
[Date "????.??.??"]
[Round "2.19"]
[White "Bendre, Pankaj"]
[Black "Bousbia, Amine"]
[Result "1/2-1/2"]
[WhiteElo "1603"]
[BlackElo "1513"]
[PlyCount "30"]

1. e4 c5 2. Nf3 d6 3. d4 cxd4 4. Nxd4 Nf6 5. Nc3 g6 6. f3 Bg7 7. Be3 O-O 8. Bc4
a6 9. Qd2 e5 10. Nde2 Qc7 11. Bb3 Nc6 12. O-O-O Rd8 13. g4 b5 14. g5 Nh5 15.
Nd5 Qb7 1/2-1/2

[Event "Tournoi Skype 018A"]
[Site "Skype"]
[Date "????.??.??"]
[Round "2.20"]
[White "Talbot, Jacques"]
[Black "Alvarez, Rafael Andres"]
[Result "0-1"]
[WhiteElo "1525"]
[BlackElo "1600"]
[PlyCount "84"]

1. e4 c6 2. d4 d5 3. e5 Bf5 4. Bd3 Bxd3 5. Qxd3 e6 6. Nf3 Nd7 7. Bg5 Qb6 8. b3
h6 9. Bd2 Ne7 10. Nc3 Qc7 11. O-O g5 12. h3 O-O-O 13. Ne2 f5 14. exf6 Nxf6 15.
Ne5 Rg8 16. c4 c5 17. cxd5 Rxd5 18. Nf3 Nc6 19. Bc3 e5 20. Qf5+ Nd7 21. dxe5
Bg7 22. Qf7 Rd8 23. Qxg7 Ncxe5 24. Nxe5 Nxe5 25. Qxc7+ Kxc7 26. Bxe5+ Rxe5 27.
Rfe1 Rd2 28. Kf1 Kc6 29. Red1 Rdxe2 30. Re1 Rxe1+ 31. Rxe1 Rd5 32. Re6+ Rd6 33.
Rxd6+ Kxd6 34. g4 Kd5 35. Ke2 Kd4 36. Kd2 a5 37. a4 Ke4 38. Ke2 b6 39. f3+ Kd4
40. Kd2 c4 41. bxc4 Kxc4 42. Kc2 Kb4 0-1

[Event "Tournoi Skype 018A"]
[Site "Skype"]
[Date "????.??.??"]
[Round "2.22"]
[White "Cossalter, Maurizio"]
[Black "Rochette, Mathieu"]
[Result "0-1"]
[WhiteElo "1512"]
[BlackElo "1589"]
[PlyCount "56"]

1. e4 c5 2. Nf3 d6 3. d4 cxd4 4. Nxd4 Nf6 5. Nc3 e6 6. Bd3 Be7 7. O-O Nc6 8.
Be3 Bd7 9. f3 O-O 10. a3 Rc8 11. Nxc6 Bxc6 12. Bxa7 b6 13. Bb5 Qc7 14. Bxc6
Qxc6 15. Qd4 Bd8 16. Rad1 Qb7 17. Nb5 Rxc2 18. Rd2 Rxd2 19. Qxd2 Be7 20. Rc1
Rc8 21. Rxc8+ Qxc8 22. Bxb6 Qc6 23. Qa5 Qc1+ 24. Kf2 Qxb2+ 25. Kg3 Nh5+ 26. Kh3
Nf4+ 27. Kg3 Qxg2+ 28. Kxf4 Qg5# 0-1

[Event "Tournoi Skype 018A"]
[Site "Skype"]
[Date "????.??.??"]
[Round "2.23"]
[White "Yardimci, Ertan"]
[Black "Trivedi, Viral"]
[Result "1-0"]
[WhiteElo "1498"]
[BlackElo "1587"]
[PlyCount "91"]

1. d4 Nf6 2. Nf3 e6 3. c4 c5 4. e3 Nc6 5. Bd3 Be7 6. Nc3 Nb4 7. Be2 O-O 8. O-O
d5 9. a3 Nc6 10. Bd2 Qb6 11. Na4 Qc7 12. Nxc5 Bxc5 13. dxc5 Ne4 14. b4 Nxd2 15.
Qxd2 Rd8 16. cxd5 Rxd5 17. Qc2 Ne5 18. Ng5 g6 19. Nf3 Bd7 20. Rfd1 Bc6 21. Nxe5
Qxe5 22. Bf3 Rxd1+ 23. Qxd1 Bxf3 24. gxf3 Qg5+ 25. Kh1 Rd8 26. Qg1 Qf6 27. f4
Qb2 28. Qc1 Qxf2 29. Qe1 Qf3+ 30. Kg1 Rd3 31. Qf2 Qg4+ 32. Kh1 Rd1+ 33. Rxd1
Qxd1+ 34. Kg2 Qb3 35. Qd2 Qxa3 36. Kg3 h5 37. Kh4 Qa1 38. Kg5 Kh7 39. Qd7 Qg1+
40. Kf6 Qa1+ 41. Kxf7 Kh6 42. Qxe6 Qg7+ 43. Ke8 Qh8+ 44. Ke7 b6 45. c6 Qg7+ 46.
Qf7 1-0

[Event "Tournoi Skype 018A"]
[Site "Skype"]
[Date "????.??.??"]
[Round "2.24"]
[White "Meaney, Mike"]
[Black "Gharbi, Said"]
[Result "0-1"]
[WhiteElo "1469"]
[BlackElo "1567"]
[PlyCount "72"]

1. e4 d5 2. exd5 Qxd5 3. Nc3 Qa5 4. d4 Nf6 5. Bd3 e5 6. Qe2 Bd6 7. h3 O-O 8.
Nf3 exd4 9. Nxd4 Re8 10. Be3 Be5 11. Nb3 Bxc3+ 12. bxc3 Qxc3+ 13. Qd2 Qxd2+ 14.
Nxd2 Nd5 15. Nf1 Nc6 16. c4 Nf4 17. O-O-O Nxg2 18. Rg1 Bxh3 19. Rh1 Nxe3 20.
Nxe3 Be6 21. Bxh7+ Kf8 22. Bd3 Rad8 23. Rh8+ Ke7 24. Rxe8+ Kxe8 25. f4 Nb4 26.
Nd5 Bxd5 27. cxd5 Rxd5 28. Re1+ Kf8 29. Bc4 Rd4 30. Bb5 c6 31. Bf1 Rxf4 32. Rd1
Nxa2+ 33. Kb2 Rf2+ 34. Ka3 b5 35. Bd3 b4+ 36. Ka4 Nc3+ 0-1

[Event "Tournoi Skype 018A"]
[Site "Skype"]
[Date "????.??.??"]
[Round "2.25"]
[White "Sierra, Henry Alberto"]
[Black "Hague, Mark"]
[Result "1-0"]
[WhiteElo "1561"]
[BlackElo "1493"]
[PlyCount "65"]

1. d4 d5 2. c4 c6 3. Nc3 e6 4. Nf3 Bd6 5. e3 f5 6. c5 Bc7 7. Ne5 Nf6 8. Be2 O-O
9. O-O Nbd7 10. f4 Nxe5 11. fxe5 Ne4 12. Nxe4 fxe4 13. Bg4 Rxf1+ 14. Qxf1 Bd7
15. Bd2 Qf8 16. Qe2 Qe7 17. Rf1 Rf8 18. Rxf8+ Qxf8 19. Be1 Bd8 20. b4 b6 21. a4
bxc5 22. bxc5 a5 23. Qa6 g6 24. Bxa5 h5 25. Bxd8 Qxd8 26. Bh3 Qb8 27. Qb6 Qa8
28. a5 Bc8 29. Qd8+ Kf7 30. Bxe6+ Kxe6 31. Qe8+ Kf5 32. Qf7+ Kg4 33. Qf4# 1-0

[Event "Tournoi Skype 018A"]
[Site "Skype"]
[Date "????.??.??"]
[Round "3.2"]
[White "Hervais, Adrien"]
[Black "Rico Hernandez, Edgar"]
[Result "0-1"]
[WhiteElo "2071"]
[BlackElo "1872"]
[PlyCount "88"]

1. d4 d5 2. Nc3 Nf6 3. Bg5 e6 4. f3 Be7 5. e3 Nbd7 6. Nge2 O-O 7. Qd2 c5 8.
dxc5 Nxc5 9. Nd4 a6 10. Be2 Qc7 11. O-O b5 12. a3 Bb7 13. Rad1 Rfd8 14. b4 Ncd7
15. Bd3 Ne5 16. f4 Nc4 17. Bxc4 dxc4 18. Qe2 Rd7 19. Qf2 Ng4 20. Qg3 Bxg5 21.
Qxg4 Bf6 22. f5 e5 23. Nde2 Rad8 24. Ng3 Qb6 25. Qe2 Bg5 26. Kf2 Rxd1 27. Rxd1
Rxd1 28. Nxd1 Qc6 29. Qf3 Qd6 30. Qg4 Qf6 31. Qe2 Qd8 32. Nf1 Qd5 33. Qg4 Bf6
34. Nc3 Qc6 35. Nd2 Qb6 36. Nde4 Be7 37. Ng5 Qd8 38. Nge4 f6 39. Qf3 Qd7 40.
Qg4 Bc8 41. Qf3 Qxf5 42. Nd5 Bd8 43. c3 Qxf3+ 44. gxf3 Bb7 0-1

[Event "Tournoi Skype 018A"]
[Site "Skype"]
[Date "????.??.??"]
[Round "3.3"]
[White "Ibarra Cantu, Raul Alberto"]
[Black "Dal, Ibrahim"]
[Result "1-0"]
[WhiteElo "2041"]
[BlackElo "1849"]
[PlyCount "81"]

1. e4 c6 2. d4 d5 3. Nc3 dxe4 4. Nxe4 Nd7 5. Nf3 Ngf6 6. Nxf6+ Nxf6 7. Ne5 Bf5
8. c3 Nd7 9. Bf4 Nxe5 10. Bxe5 e6 11. Bd3 Bxd3 12. Qxd3 Qd7 13. O-O-O f6 14.
Bg3 Bd6 15. Rhe1 Bxg3 16. Qxg3 O-O-O 17. Qg4 Rde8 18. Re3 f5 19. Qe2 Re7 20.
Re1 Rhe8 21. Re5 g6 22. Qc4 Qd6 23. b4 Kd7 24. a4 b6 25. Kb2 Rc8 26. h4 c5 27.
bxc5 bxc5 28. d5 Rce8 29. R1e3 Qb6+ 30. Kc2 exd5 31. Qxd5+ Qd6 32. Qb7+ Kd8 33.
Qa8+ Kd7 34. Rxe7+ Rxe7 35. Qxa7+ Ke8 36. Qxe7+ Qxe7 37. Rxe7+ Kxe7 38. Kd3 Kd6
39. Kc4 Kc6 40. g3 h6 41. f4 1-0

[Event "Tournoi Skype 018A"]
[Site "Skype"]
[Date "????.??.??"]
[Round "3.4"]
[White "Mishra, Om"]
[Black "Plourde, Alain"]
[Result "1-0"]
[WhiteElo "1744"]
[BlackElo "1931"]
[PlyCount "131"]

1. e4 e6 2. d4 d5 3. Nd2 dxe4 4. Nxe4 Bd7 5. Nf3 Bc6 6. Bd3 Nd7 7. Bf4 Ngf6 8.
Ned2 Be7 9. O-O O-O 10. Re1 Re8 11. c3 Bxf3 12. Qxf3 c6 13. Nc4 Nd5 14. Be5
Nxe5 15. dxe5 Qc7 16. Qe4 g6 17. h4 Bf8 18. g4 f5 19. exf6 Nxf6 20. Qf3 Bg7 21.
Ne5 Nd5 22. Qg3 Rad8 23. Bc4 Bh6 24. Re4 Nf6 25. Re2 Nd5 26. g5 Bg7 27. Rae1
Rf8 28. Ng4 Qxg3+ 29. fxg3 Nc7 30. Bxe6+ Nxe6 31. Rxe6 Rd2 32. R6e2 Rxe2 33.
Rxe2 Rd8 34. Re7 Rd1+ 35. Kf2 Rd2+ 36. Re2 Rd7 37. Nf6+ Bxf6 38. gxf6 h5 39.
Re7 Rd2+ 40. Re2 Rd6 41. Re8+ Kf7 42. Re7+ Kxf6 43. Rxb7 Rd2+ 44. Kf3 Rd3+ 45.
Kf4 Rd2 46. Rc7 Rf2+ 47. Ke3 Rxb2 48. Rxc6+ Kf5 49. Ra6 Rg2 50. Kf3 Rc2 51.
Ra5+ Kf6 52. Kf4 Rxc3 53. Ra6+ Kg7 54. Rxa7+ Kf8 55. a4 Ra3 56. a5 Ra4+ 57. Ke5
Rg4 58. Kf6 Ke8 59. a6 Rxg3 60. Ra8+ Kd7 61. a7 Rf3+ 62. Kxg6 Ra3 63. Rg8 Ra6+
64. Kh7 Ke6 65. a8=Q Rxa8 66. Rxa8 1-0

[Event "Tournoi Skype 018A"]
[Site "Skype"]
[Date "????.??.??"]
[Round "3.5"]
[White "Hilton, Stephen"]
[Black "Rugman, Dan"]
[Result "1-0"]
[WhiteElo "1934"]
[BlackElo "1422"]
[PlyCount "101"]

1. d4 Nf6 2. Nf3 e6 3. Bf4 d5 4. e3 Bd6 5. Bg3 O-O 6. Nbd2 c5 7. c3 Nc6 8. Bd3
cxd4 9. exd4 a6 10. Ne5 Qc7 11. f4 Ne7 12. Bh4 Ng6 13. Bg3 b5 14. h4 Bb7 15. h5
Ne7 16. Qc2 h6 17. O-O-O Rac8 18. Kb1 b4 19. cxb4 Qxc2+ 20. Bxc2 Bxb4 21. Bh4
Ne4 22. Nxe4 dxe4 23. a3 Bd6 24. Bxe7 Bxe7 25. Rhe1 Bh4 26. Re2 e3 27. Rxe3
Bxg2 28. Rd2 Bf1 29. Rf3 Bb5 30. Bb3 Rc7 31. Rh2 Be7 32. d5 exd5 33. Bxd5 Bf6
34. Ng4 Bd4 35. Rd2 Ba7 36. Rg3 Rfc8 37. Nxh6+ Kf8 38. Nf5 Rc1+ 39. Ka2 Rg1 40.
Rxg1 Bxg1 41. Nd6 Rc5 42. b4 Rc7 43. Nxb5 axb5 44. Bb3 Ke7 45. Rd5 Rb7 46. f5
Kf6 47. Kb2 Kg5 48. Bd1 Bh2 49. Be2 Rb6 50. Bxb5 Rf6 51. Bd3 1-0

[Event "Tournoi Skype 018A"]
[Site "Skype"]
[Date "????.??.??"]
[Round "3.6"]
[White "Jaimes, Fredy"]
[Black "L'Herbon De Lussats, Jean"]
[Result "1-0"]
[WhiteElo "1826"]
[BlackElo "1374"]
[PlyCount "100"]

1. e4 c5 2. Nf3 Nc6 3. d4 cxd4 4. Nxd4 e5 5. Nb5 a6 6. Nd6+ Bxd6 7. Qxd6 Nf6 8.
Nc3 Qe7 9. Qxe7+ Nxe7 10. Bg5 Nfg8 11. Bxe7 Nxe7 12. O-O-O O-O 13. Be2 b5 14.
f3 Rd8 15. Rd6 Bb7 16. Rhd1 Bc6 17. Kb1 Kf8 18. R1d2 Ra7 19. Nd1 Rc7 20. Ne3
Nc8 21. R6d3 d6 22. Ra3 Bb7 23. c4 bxc4 24. Bxc4 Rc6 25. Bd5 Rb6 26. Bxb7 Rxb7
27. Rxa6 Nb6 28. a4 g6 29. a5 Na4 30. Nc4 d5 31. exd5 Nc3+ 32. Ka1 Nxd5 33. Nb6
Nb4 34. Rxd8+ Ke7 35. Raa8 Rc7 36. Rdc8 Kd6 37. Rxc7 Kxc7 38. Rc8+ Kd6 39. Rc4
Nc6 40. Rxc6+ Kxc6 41. Nc4 Kb5 42. Nxe5 f5 43. Nxg6 hxg6 44. b4 g5 45. Kb2 g4
46. fxg4 fxg4 47. h4 gxh3 48. gxh3 Ka6 49. Kc3 Kb5 50. Kb3 Ka6 1-0

[Event "Tournoi Skype 018A"]
[Site "Skype"]
[Date "????.??.??"]
[Round "3.8"]
[White "Yeter, Orhan"]
[Black "Karia, Vijay"]
[Result "1/2-1/2"]
[WhiteElo "1544"]
[BlackElo "1674"]
[PlyCount "113"]

1. e4 d5 2. exd5 Qxd5 3. Nc3 Qa5 4. d4 c6 5. Bd2 Qb6 6. Bc1 Nf6 7. Nf3 Bg4 8.
Be2 Nbd7 9. O-O e6 10. h3 Bh5 11. Re1 Bb4 12. a3 Bxc3 13. bxc3 Ne4 14. Qd3 Bg6
15. Qe3 Ndf6 16. Bd3 Nd5 17. Qe2 Nexc3 18. Qe5 O-O 19. Bxg6 hxg6 20. Qg3 Qd8
21. Ng5 Qf6 22. Qh4 Rfe8 23. Qh7+ Kf8 24. a4 Ke7 25. Ba3+ Kd7 26. Qh4 Nf4 27.
Qg4 Qf5 28. Qxf5 gxf5 29. Nxf7 Nxa4 30. Bc1 Nxh3+ 31. gxh3 Nc3 32. Ne5+ Ke7 33.
Ba3+ Kf6 34. Bc5 b6 35. Bb4 Nd5 36. Bd2 Ne7 37. Nf3 Ng6 38. Bg5+ Kf7 39. Ne5+
Nxe5 40. Rxe5 a5 41. c4 a4 42. d5 cxd5 43. cxd5 b5 44. dxe6+ Rxe6 45. Rxb5 a3
46. Bf4 Kf6 47. Be3 Rd6 48. Rb6 Ke6 49. Rxd6+ Kxd6 50. Bd4 g6 51. Kg2 Kd5 52.
Bf6 Ra6 53. Bg5 Kc4 54. Kg3 Kb3 55. Bc1 a2 56. f4 Kc2 57. Kh4 1/2-1/2

[Event "Tournoi Skype 018A"]
[Site "Skype"]
[Date "????.??.??"]
[Round "3.11"]
[White "Jacquelin, Norbert"]
[Black "Carballo, Jorge"]
[Result "1-0"]
[WhiteElo "1845"]
[BlackElo "1559"]
[PlyCount "41"]

1. c4 Nf6 2. Nc3 d5 3. cxd5 Nxd5 4. Nf3 e6 5. g3 c6 6. Bg2 Nd7 7. O-O Bd6 8. e4
Nxc3 9. bxc3 e5 10. d4 Bc7 11. Ba3 exd4 12. cxd4 Nf6 13. Qc2 Bg4 14. Rfd1 Bd6
15. Bxd6 Qxd6 16. e5 Qd5 17. exf6 Bxf3 18. Bxf3 Qxf3 19. Re1+ Kd7 20. Re7+ Kc8
21. fxg7 1-0

[Event "Tournoi Skype 018A"]
[Site "Skype"]
[Date "????.??.??"]
[Round "3.13"]
[White "Barrasso, Alex"]
[Black "Aceituno, Stebe"]
[Result "1-0"]
[WhiteElo "1781"]
[BlackElo "1588"]
[PlyCount "55"]

1. e4 c5 2. d4 cxd4 3. c3 d3 4. Bxd3 d6 5. c4 Nc6 6. Nf3 Nf6 7. Nc3 e6 8. O-O
Be7 9. Be3 O-O 10. Qe2 Qc7 11. Rac1 a6 12. Rfd1 e5 13. Nd5 Nxd5 14. cxd5 Bg4
15. dxc6 bxc6 16. h3 Be6 17. Bc4 Bd7 18. a3 Qa5 19. Rc3 d5 20. exd5 cxd5 21.
Rxd5 Bc6 22. Rxa5 Rad8 23. Nxe5 Bb7 24. Qc2 Rd6 25. Nxf7 Rxf7 26. Rf5 Rdf6 27.
Rxf6 gxf6 28. Qb3 1-0

[Event "Tournoi Skype 018A"]
[Site "Skype"]
[Date "????.??.??"]
[Round "3.14"]
[White "Rochette, Mathieu"]
[Black "Segura Lozano, Marcos Antonio"]
[Result "0-1"]
[WhiteElo "1589"]
[BlackElo "1764"]
[PlyCount "46"]

1. d4 Nf6 2. c4 e6 3. Nf3 d5 4. Bg5 Be7 5. Nc3 h6 6. Bh4 O-O 7. e3 b6 8. cxd5
exd5 9. Bd3 Bb7 10. Qc2 Nbd7 11. O-O c5 12. dxc5 bxc5 13. Rfd1 d4 14. Ne4 Rc8
15. Nxf6+ Nxf6 16. Ne5 Qd5 17. Nf3 c4 18. Bh7+ Nxh7 19. Bxe7 d3 20. Bxf8 dxc2
21. Rxd5 Bxd5 22. Bb4 Bxf3 23. gxf3 Rd8 0-1

[Event "Tournoi Skype 018A"]
[Site "Skype"]
[Date "????.??.??"]
[Round "3.15"]
[White "Ricieri, Vinicius"]
[Black "Saponara, Jose Maria"]
[Result "1/2-1/2"]
[WhiteElo "1714"]
[BlackElo "1561"]
[PlyCount "90"]

1. e4 c6 2. d4 d5 3. Nc3 dxe4 4. Nxe4 Bf5 5. Ng3 Bg6 6. h4 h6 7. h5 Bh7 8. Nf3
Nf6 9. Bd3 Bxd3 10. Qxd3 e6 11. Bf4 Nbd7 12. O-O-O Qa5 13. Kb1 Nd5 14. Ne2 Nb4
15. Qb3 Nb6 16. a3 Qa6 17. Nc3 N4d5 18. Bg3 Qc4 19. Qxc4 Nxc4 20. Ne4 a5 21.
Ne5 Nxe5 22. Bxe5 a4 23. g4 f6 24. Bh2 b5 25. Rde1 Kf7 26. f4 b4 27. axb4 Bxb4
28. c3 Be7 29. f5 exf5 30. gxf5 a3 31. b4 Ra4 32. Rhg1 Rha8 33. Ka2 Nxb4+ 34.
cxb4 Rxb4 35. Re2 Rxd4 36. Rc1 Ra6 37. Rc3 Bb4 38. Rb3 c5 39. Bg1 Rd5 40. Rc2
Rxf5 41. Nxc5 Bxc5 42. Rxc5 Rxc5 43. Bxc5 Ra5 44. Rb7+ Kg8 45. Rc7 Kh8 1/2-1/2

[Event "Tournoi Skype 018A"]
[Site "Skype"]
[Date "????.??.??"]
[Round "3.16"]
[White "Aranzubia, Desiderio"]
[Black "Janssen, Gerard"]
[Result "1-0"]
[WhiteElo "1586"]
[BlackElo "1694"]
[PlyCount "37"]

1. d4 d5 2. c4 e6 3. Nc3 Nf6 4. cxd5 Nxd5 5. e3 c5 6. dxc5 Bxc5 7. Nxd5 Qxd5 8.
Qxd5 exd5 9. Bb5+ Nc6 10. Nf3 O-O 11. O-O Bg4 12. Be2 a5 13. b3 a4 14. Bb2 axb3
15. axb3 Na5 16. Bd1 b6 17. Bc3 Nc6 18. Ne5 Bf5 19. Nxc6 1-0

[Event "Tournoi Skype 018A"]
[Site "Skype"]
[Date "????.??.??"]
[Round "3.17"]
[White "Megelas, Florent"]
[Black "Malbec, Robert"]
[Result "1/2-1/2"]
[WhiteElo "1688"]
[BlackElo "1441"]
[PlyCount "150"]

1. e4 e5 2. Nf3 Nc6 3. Bc4 Bc5 4. c3 Nf6 5. d4 exd4 6. Nxd4 Nxd4 7. cxd4 Bb4+
8. Bd2 Bxd2+ 9. Nxd2 d5 10. exd5 Nxd5 11. O-O O-O 12. Qf3 Nf6 13. Nb3 c6 14.
Rad1 Bg4 15. Qg3 Bxd1 16. Rxd1 b5 17. Be2 Qe7 18. Bf3 Rfe8 19. h3 Rac8 20. Na5
Ne4 21. Qf4 Qc7 22. Qh4 Qxa5 23. Bxe4 h6 24. a3 Qa4 25. Rc1 Qb3 26. Bxc6 Rf8
27. d5 Qxb2 28. Qf4 Qf6 29. Qb4 a6 30. a4 bxa4 31. Qxa4 Qb2 32. Ra1 Qb6 33.
Qxa6 Qxa6 34. Rxa6 Rfd8 35. Ra7 f6 36. Bd7 Rb8 37. Be6+ Kh7 38. Rd7 Rxd7 39.
Bxd7 Rd8 40. Be6 Kg6 41. g3 f5 42. Kg2 Kf6 43. Kf1 g5 44. h4 f4 45. hxg5+ hxg5
46. g4 Ke5 47. Ke2 Ra8 48. f3 Ra2+ 49. Kd3 Ra3+ 50. Ke2 Re3+ 51. Kf2 Rd3 52.
Ke2 Rd4 53. Bf7 Ra4 54. Kd3 Rd4+ 55. Ke2 Kf6 56. Be6 Ke5 57. Bf7 Rb4 58. Kd3
Rb3+ 59. Ke2 Re3+ 60. Kf2 Ra3 61. Ke2 Ra7 62. Be6 Ra6 63. Kd3 Ra3+ 64. Ke2 Kd6
65. Bf7 Re3+ 66. Kf2 Re5 67. Bg8 Rxd5 68. Bxd5 Kxd5 69. Ke2 Kc4 70. Kd2 Kd4 71.
Kc2 Kc4 72. Kd2 Kd4 73. Kc2 Kc4 74. Kd2 Kd4 75. Kc2 Kc4 1/2-1/2

[Event "Tournoi Skype 018A"]
[Site "Skype"]
[Date "????.??.??"]
[Round "3.18"]
[White "Gharbi, Said"]
[Black "Le Brun, Yves"]
[Result "1-0"]
[WhiteElo "1567"]
[BlackElo "1623"]
[PlyCount "89"]

1. e4 e5 2. d4 exd4 3. c3 d3 4. Bxd3 d6 5. Nf3 Nc6 6. Nd4 Bd7 7. Bb5 Ne5 8. O-O
Bxb5 9. Nxb5 a6 10. Nd4 Nf6 11. Nf5 g6 12. Nh6 Qd7 13. Re1 Nfg4 14. Nxg4 Nxg4
15. Bf4 f6 16. h3 Ne5 17. Nd2 Bg7 18. Nf3 O-O-O 19. Qd4 Nxf3+ 20. gxf3 Kb8 21.
Kg2 f5 22. Qb4 Be5 23. Bg5 Rde8 24. f4 Bg7 25. Rad1 h6 26. Bh4 g5 27. Bg3 fxe4
28. Rxe4 Rxe4 29. Qxe4 Re8 30. Qh7 g4 31. h4 Qc6+ 32. Kg1 Qd7 33. Kh2 Qe7 34.
Kg2 Rh8 35. Qd3 Re8 36. Kf1 h5 37. f3 gxf3 38. Qxf3 Rh8 39. Re1 Qd7 40. Re4
Qh3+ 41. Qg2 Qxg2+ 42. Kxg2 Rf8 43. Re7 Bf6 44. Rh7 Rg8 45. Kh3 1-0

[Event "Tournoi Skype 018A"]
[Site "Skype"]
[Date "????.??.??"]
[Round "3.19"]
[White "Engstrom, Olle"]
[Black "Yardimci, Ertan"]
[Result "1-0"]
[WhiteElo "1809"]
[BlackElo "1498"]
[PlyCount "47"]

1. e4 e5 2. Nf3 Nc6 3. Bb5 a6 4. Ba4 Nf6 5. O-O b5 6. Bb3 Be7 7. Re1 O-O 8. c3
Bb7 9. d4 exd4 10. e5 Nh5 11. cxd4 g6 12. Nc3 Na5 13. Bc2 c5 14. d5 d6 15. exd6
Bxd6 16. Ne4 Be7 17. d6 Re8 18. dxe7 Qxd1 19. Rxd1 Rxe7 20. Ned2 Rae8 21. Kf1
c4 22. Re1 Rxe1+ 23. Nxe1 Bxg2+ 24. Nxg2 1-0

[Event "Tournoi Skype 018A"]
[Site "Skype"]
[Date "????.??.??"]
[Round "3.20"]
[White "Bousbia, Amine"]
[Black "Thoune, Jim"]
[Result "1-0"]
[WhiteElo "1513"]
[BlackElo "1809"]
[PlyCount "91"]

1. e4 g6 2. Nf3 Bg7 3. Nc3 e6 4. e5 Ne7 5. d4 O-O 6. Bc4 d5 7. Bd3 Nd7 8. Bf4
a6 9. Qd2 b5 10. Bh6 c5 11. Bxg7 Kxg7 12. dxc5 Nxc5 13. O-O Nxd3 14. cxd3 Bd7
15. Ne2 Rc8 16. Nf4 Nf5 17. Rac1 h6 18. Rxc8 Bxc8 19. Rc1 Qb6 20. g4 Ne7 21. h4
Nc6 22. Qe3 Qxe3 23. fxe3 Bb7 24. d4 a5 25. g5 h5 26. Kf2 Rc8 27. Rc5 b4 28.
Rb5 Ba6 29. Rb6 Nb8 30. Kg3 Bc4 31. Rb7 Kf8 32. b3 Ba6 33. Ra7 Ke8 34. Nh2 Rd8
35. Ra8 Bb5 36. Rxa5 Ba6 37. Ra4 Kd7 38. Rxb4 Kc6 39. Nf3 Bb5 40. a4 Ba6 41.
Kf2 Bb7 42. Nd3 Na6 43. Rb5 Kc7 44. Nc5 Rb8 45. Rxb7+ Rxb7 46. Nxa6+ 1-0

[Event "Tournoi Skype 018A"]
[Site "Skype"]
[Date "????.??.??"]
[Round "3.21"]
[White "Perez Fermin, Jose"]
[Black "Bendre, Pankaj"]
[Result "0-1"]
[WhiteElo "1558"]
[BlackElo "1603"]
[PlyCount "40"]

1. e4 c5 2. Nf3 d6 3. d4 cxd4 4. Nxd4 Nf6 5. Nc3 g6 6. Bc4 Bg7 7. f3 O-O 8. Be3
Bd7 9. Qd2 Nc6 10. g4 Qa5 11. Nb3 Qc7 12. O-O-O Ne5 13. Be2 Nc4 14. Bxc4 Qxc4
15. Bd4 Be6 16. h4 a5 17. a4 b5 18. Qe2 bxa4 19. Qxc4 Bxc4 20. Nxa5 Rxa5 0-1